000
00346nam a2200157Ia 4500
003
0STCL
008
150530s9999 xx 000 0 und d
040
_a
STCL
_c
STCL
100
_a
Blackmur
245
_a
Form and value in modern poetry
260
_c
1952
546
_a
English
942
_2
ddc
_c
BK
999
_c
52467
_d
52467
005
20220125170859.0